Loading...

Soils of india

Bibliographic Details
Main Author: Raychaudhury S P, Govinda Rajan S V
Format: Printed Book
Language:Undetermined
English
Published: Newdelhi Indian council of agricultural research 1958
Subjects:
LEADER 00596nam a2200181Ia 4500
008 140306s9999 xx 000 0 und d
041 |a eng 
082 |a 631.440 954  |b RAY 
100 |a Raychaudhury S P, Govinda Rajan S V 
245 |a Soils of india 
260 |a Newdelhi  |b Indian council of agricultural research  |c 1958 
300 |a 45 
650 |a geology 
650 |a physiography 
650 |a Soils-india 
942 |2 ddc  |c BK 
999 |c 52958  |d 52958 
952 |0 0  |1 0  |2 ddc  |4 0  |6 631_440000000000000_954_RAY  |7 0  |9 69282  |a KAUACV  |b KAUACV  |d 2004-05-17  |o 631.440 954 RAY  |p KAU_ACV-13074  |r 2014-03-22  |w 2014-03-22  |y BK